000 00625nam a2200241 a 4500
001 nice12345678
003 IN_TiNIC
005 20260116014850.0
008 100924s2006 dela grp 000 0 eng
020 _a8189652435
_c800
082 0 0 _a305
_bBAK
100 _aBakshi, S R
245 _aNew Horizons in Contemporary Society and Culture
260 _aDelhi
_bVusta Internatioal Pub. House
_c2006
300 _a331p
500 _aincludes index and biblioraphy
505 2 _aSelected Bibliography,Index
650 _aSociety
700 1 _aBakshi, S R
902 _bSRS
942 _cBK
999 _c17331
_d17331